LEADER 01247nam a2200277 i 4500 001 000000139303 003 CaOOAMICUS 005 20050519000000.0 008 050519s1988 it u000 u ita u 013 $a113307 040 $aSeMil$bita 100 1 $aDi Filippo Bareggi, Claudia.$0(OLS)http://semarc/name/48645 245 13$aIl mestiere di scrivere :$blavoro intellettuale e mercato librario a Venezia nel Cinquecento /$cClaudia Di Filippo Bareggi. 260 $aRoma :$bBulzoni,$ccopyr. 1988. 300 $a419 p. ;$c21 cm. 490 0 $aBiblioteca del Cinquecento ;$v43 500 $aFondo Card. C.M. Martini. 650 4$aIntellettuali - Venezia - Sec. 16.$0(OLS)http://semarc/subject/27366 650 4$aEditoria - Venezia - Sec. 16.$0(OLS)http://semarc/subject/27367 830 0$aBiblioteca del Cinquecento ;$v43.$0(OLS)http://semarc/title/18019 850 $aSeMil 852 $aSeMil$W1$xVenegono$y1$m1D IV 126$j92720$B92720$CSeMilBibl$Z2$F97937 $81 941 1 $a4 961 $aOmaggio: Martini Card. Carlo Maria 996 $6245$aIl mestiere di scrivere :$blavoro intellettuale e mercato librario a Venezia nel Cinquecento$9(OLS)http://semarc/title/203565 996 $6260$aRoma :$bBulzoni$9(OLS)http://semarc/publisher/30302 LEADER 00889nam a2200217 i 4500 001 000000049511 003 CaOOAMICUS 005 20040618000000.0 008 040618s1988 it u000 u ita u 013 $a20682 040 $aSeMil$bita 245 10$aArte in Lombardia :$btra Gotico e Rinascimento. 260 $a[Milano] :$bFabbri,$ccopyr. 1988. 300 $a319 p. :$briccamente ill. ;$c28 cm. 500 $aContiene : Appendice ; Bibliografia generale. - Catalogo della Mostra tenuta a Milano nel 1988. 650 4$aArte - Lombardia.$0(OLS)http://semarc/subject/6011 850 $aSeMil 852 $aSeMil$W1$xVenegono$y1$m5I XI 58$j15666$B15666$CSeMilBibl$Z2$F15666 $81 961 $aOmaggio: Ciprandi dott. Paolo 996 $6245$aArte in Lombardia :$btra Gotico e Rinascimento$9(OLS)http://semarc/title/75308 996 $6260$a[Milano] :$bFabbri$9(OLS)http://semarc/publisher/41129